000 00521nam a2200181Ia 4500
999 _c23305
_d23305
003 OSt
005 20200319154335.0
008 190216s9999||||xx |||||||||||||| ||und||
020 _a9788182662513
040 _coclc
082 _a297
_bABD/I
100 _aAbdurahiman, T V
_92104
245 0 _aIslamika Mysticism /
_cT V Abdurahiman
260 _bMathrubhumi Printing &publishing,
_c2014.
_aKozhikode:
300 _a152p
650 _aIslamic History
942 _cBK
_2ddc
_h297
_iABD/I
_k297
_mABD/I